Statistics for The Simpsons Game Enemies

Click here to take the quiz!

General Stats

  • This quiz has been taken 15 times
  • The average score is 22 of 56

Answer Stats

HintAnswer% Correct
Level 2 (Boss)Jimbo
73%
Level 5(XBox/PS3)Jimbo
73%
Level 11Orc Moe
73%
Level 13Smithers Henchmen
73%
Level 5(XBox/PS3)Chief Wiggum
64%
Level 3Chief Wiggum
64%
Level 3Comic Book Guy
64%
Level 3Kearney
64%
Level 2 (Boss)Kearney
64%
Level 5 (XBox/PS3)Kearney
64%
Level 9Aliens
55%
Level 8 (XBox/PS3)Aliens
55%
Level 1Chocolate Rabbit
55%
Level 5 (XBox/PS3)Dolph
55%
Level 2Dolph
55%
Level 5 (XBox/PS3)Ralph
55%
Level 1 (Boss)White Chocolate Rabbit
55%
Level 15Bender
45%
Level 11Bone Otto
45%
Level 7Dolphins
45%
Level 4Loggers
45%
Level 6 (Boss)Monkey that Greatly Resembles Donkey Kong Hmmmmmm
45%
Level 5Police
45%
Level 2Security Guard (Mel)
45%
Level 2Security Guard (Raphael)
45%
Level 5Sherri
45%
Level 5Terri
45%
Level 15Dr. Zoidberg
36%
Level 13French Man
36%
Level 13French Woman
36%
Level 12Itchy
36%
Level 7 (Boss)King Snorky
36%
Level 8Krusty Dolls
36%
Level 8 (Boss)Lard Lad
36%
Level 12Scratchy
36%
Level 6American Footballer
27%
Level 3Barney
27%
Level 15Blue Haired Lawyer
27%
Level 14Ice Comic Book Guy
27%
Level 14Lava Comic Book Guy
27%
Level 5 (XBox/PS3)Lou
27%
Level 5 (XBox/PS3)Martin
27%
Level 5 (XBox/PS3)Milhouse
27%
Level 11Patty and Selma Dragon
27%
Level 14Sky Comic Book Guy
27%
Level 3Willie
27%
Level 12Cat Prostitutes
18%
Level 14Dirt Comic Book Guy
18%
Level 5 (XBox/PS3)Eddie
18%
Level 10*I'm Will Wright Bitch!
18%
Level 6Karate Guy
18%
Level 13Mayor
9%
Level 3Bumblebee Guy
0%
Level 5 (XBox/PS3)Janey
0%
Level 5Lewis
0%
Level 5 (XBox/PS3)Wendell
0%

Score Distribution

Percentile by Number Answered

Percent of People with Each Score

Your Score History

You have not taken this quiz